| 000 | 01185nam a2200313 i 4500 | ||
|---|---|---|---|
| 001 | bg | ||
| 100 | 1 | _aWieczorek-Fronia, Małgorzata. | |
| 245 | 1 | 0 |
_aŚrodki trwałe oraz wartości niematerialne i prawne 2008 / _cMałgorzata Wieczorek-Fronia, Małgorzata Grzybowska, Janusz Zubrzycki. |
| 250 | _aStan prawny na 2008 r. | ||
| 260 |
_aWrocław : _bOficyna Wydawnicza "Unimex", _c2008. |
||
| 300 |
_a802, [1] s. ; _c24 cm. |
||
| 500 | _aZawiera także teksty aktów prawnych. | ||
| 650 | 9 |
_aAmortyzacja _xprawo _zPolska _ystan na 2008 r. |
|
| 650 | 9 |
_aMajątek trwały _xprawo _zPolska _ystan na 2008 r. |
|
| 650 | 9 |
_aPodatek dochodowy _xprawo _zPolska _ystan na 2008 r. |
|
| 650 | 9 |
_aPodatek od towarów i usług _xprawo _zPolska _ystan na 2008 r. |
|
| 700 | 1 | _aGrzybowska, Małgorzata. | |
| 700 | 1 | _aZubrzycki, Janusz. | |
| 015 | _aPB 10390/2008 | ||
| 020 | _a9788360235690 | ||
| 040 | _cBPK | ||
| 041 | 0 | _apol | |
| 044 | _aPOL | ||
| 080 | _a346.52:347.728.1:658.2:336.226.322:336.226.1](438) | ||
| 920 | _a978-83-60235-69-0 | ||
| 942 | _cKS | ||
| 008 | 080418s2008 pl f |000 0 pol | ||
| 999 |
_c55373 _d55373 |
||
| 856 |
_uhttp://koha.tu.koszalin.pl/cgi-bin/koha/opac-detail.pl?biblionumber=55373 _yKatalog online BPK |
||